• 首页
  • 本馆介绍
  • 公告通知
  • 最新文献
  • 馆藏检索
  • 电子资源
  • 读者导购
  • 参考咨询
  • 我的图书馆
  • 登录
  • 详细信息显示
  • 放入我的书架
  • 预约/预借图书
  • 作者相关作品
  • 分类相关作品
  • 丛书相关作品
  • 出版社相关作品

书目信息

  • 表格格式
  • 工作单格式
  • 卡片格式
题名:
传播与文化研究
    
 
作者: 吴予敏 主编
分册:  
出版信息: 北京   北京大学出版社  2007.12
页数: 545页
开本: 24cm
丛书名:
单 册:
中图分类: G206-53
科图分类:
主题词: 传播学--文集 , 传播学
电子资源:
ISBN: 978-7-301-13213-5
000 00942nam0 2200265 450
001 010010011289
005 20091208154151.45
010    @a978-7-301-13213-5@dCNY58.00
100    @a20080315d2007 em y0chiy0110 ea
101 0  @achi
102    @aCN@b110000
105    @ay z 000yy
106    @ar
200 1  @a传播与文化研究@9chuan bo yu wen hua yan jiu@f吴予敏主编
210    @a北京@c北京大学出版社@d2007.12
215    @a545页@d24cm
300    @a广东省高校人文社会科学重点研究基地 深圳大学传媒与文化发展研究中心文集
330    @a本书从传播史论与文化研究、媒体与社会研究、媒介环境学派研究、跨文化传播及亚太传播研究、广告与品牌传播研究五个大的方面,汇编了近两年国内传播文化研究领域的最新成果。
510 1  @aCommunication and cultural studies@zeng
606 0  @a传播学@j文集
606 0  @a传播学
690    @aG206-53@v4
701  0 @a吴予敏@9wu yu min@4主编
801  0 @aCN@bRENTIAN@c20091208
905    @b20795268-72@dG206-53@e353@f5
    
    传播与文化研究/吴予敏主编.-北京:北京大学出版社,2007.12
    545页;24cm
    广东省高校人文社会科学重点研究基地 深圳大学传媒与文化发展研究中心文集
    
    ISBN 978-7-301-13213-5:CNY58.00
    本书从传播史论与文化研究、媒体与社会研究、媒介环境学派研究、跨文化传播及亚太传播研究、广告与品牌传播研究五个大的方面,汇编了近两年国内传播文化研究领域的最新成果。
●
相关链接 在E读中查询图书 在五车中查询图书 在当当中查询图书 在豆瓣中查询图书


正题名:传播与文化研究     索取号:G206-53/353         预约/预借

序号 登录号 条形码 馆藏地/架位号 状态 备注
1 795268   207952688   第一样本阅览室/ [索取号:G206-53/353] 在馆    
2 795269   207952697   第四借阅区/ [索取号:G206-53/353] 在馆    
3 795270   207952704   第四借阅区/ [索取号:G206-53/353] 在馆    
4 795271   207952713   第四借阅区/ [索取号:G206-53/353] 在馆    
5 795272   207952722   密集书库-文学院/ [索取号:G206-53/353] 在馆    
欢迎您!
大连网信软件有限公司© 版权所有